000 00885cam a22002411 4500
001 sa 65008296
003 DLC
005 20260227112155.0
008 861103s1964 ii 000 0 eng
010 _asa 65008296
025 _aPL480:I-E-4419
035 _a(OCoLC)14628777
040 _aDLC
_cWaU
_dDLC
042 _apremarc
050 0 0 _aHE1783.I4
_bA49
110 1 _aIndia (Republic).
_bRailway Inspectorate.
245 1 0 _aRailway accidents;
_breport on derailment of no. 6 down north bank express train between Sivok and Gulma stations, Northeast Frontier Railway, on 19th April 1961.
260 _a[New Delhi,
_c1964]
300 _a14 p.
_c33 cm.
500 _aCover title.
650 0 _aRailroad accidents
_zIndia.
740 0 _aReport on derailment of no. 6 down north bank express train between Sivok and Gulma stations, Northeast Frontier Railway, on 19th April 1961.
999 _c65682
_d65682